Statistics for Ralph Macchio Filmography

Click here to take the quiz!

General Stats

  • This quiz has been taken 35 times
    (16 since last reset)
  • The average score is 10 of 73

Answer Stats

TypeYearName% Correct
Web Series2018-2023Cobra Kai
100%
Video Game2020Cobra Kai: The Karate Kid Saga Continues
100%
Film1984The Karate Kid
100%
Film1986The Karate Kid Part II
87%
Film1989The Karate Kid Part III
80%
Film1983The Outsiders
60%
Film1992My Cousin Vinny
47%
Film1986Crossroads
40%
TV Show2011Dancing with the Stars
33%
TV Show1980-1981Eight Is Enough
33%
Film1984Teachers
33%
Film1993Naked in New York
27%
Film1980Up the Academy
27%
Film2006Artie Lange's Beer League
20%
Commercial1970sBubble Yum
20%
Film1988Distant Thunder
20%
Film2012Hitchcock
20%
Film2014A Little Game
13%
Film2017Lost Cat Corona
13%
TV Show2008-2009Ugly Betty
13%
Film2018A Dog and Pony Show
7%
Video Game2022Cobra Kai 2: Dojos Rising
7%
Theater1986Cuba and His Teddy Bear
7%
TV Film1982Dangerous Company
7%
Commercial1970sDr. Pepper
7%
TV Show2012Happily Divorced
7%
Film2013He's Way More Famous Than You
7%
TV Film2012Holiday Spin
7%
TV Show2013How I Met Your Mother
7%
Music Video2007Sweep the Leg
7%
TV Show2017-2019The Deuce
7%
TV Film1992The Last P.O.W.: The Bobby Garwood Story
7%
TV Film1984The Three Wishes of Billy Grier
7%
Film1990Too Much Sun
7%
Short Film2010Wax On, F**k Off
7%
Short Film2013Across Grace Alley
0%
Film2003A Good Night to Die
0%
Theater2010, 2016A Room of My Own
0%
Commercial2022AT&T
0%
Film2000Can't Be Heaven
0%
TV Show1982CBS Afternoon Playhouse
0%
TV Show2000Chicken Soup for the Soul
0%
TV Special2016Comedy Central Roast of Rob Lowe
0%
Short Film1998Dizzyland
0%
TV Show2005Entourage
0%
Music Video2010Had Enough
0%
TV Show2007Head Case
0%
TV Film1982High Powder
0%
Theater1996-1997How to Succeed in Business Without Really Trying
0%
Short Film2011I Think Bad Thoughts
0%
TV Show2022Jeopardy!
0%
Film1996Journey Home: The Animals of Farthing Wood
0%
TV Show2018Kevin Can Wait
0%
TV Show2010Law & Order: Criminal Intent
0%
Director2002Love Thy Brother
0%
Theater2004Magic Hands Freddy
0%
TV Show1986Nightlife
0%
Theater1990Only Kidding
0%
Short Film2001Popcorn Shrimp
0%
TV Show2010, 2014Psych
0%
TV Film2017Psych: The Movie
0%
TV Show2013Robot Chicken
0%
Film2009Rosencrantz and Guildenstern Are Undead
0%
Short Film2012The Ballad of Danko Jones
0%
Short Film2000The Office Party
0%
TV Show1999The Outer Limits
0%
Podcast2020The Pack Podcast
0%
Film1998The Secret of NIMH 2: Timmy to the Rescue
0%
TV Show1994The Ties That Bind
0%
TV Show2011The Whole Truth
0%
TV Show2000Twice in a Lifetime
0%
Commercial2008Vitamin Water
0%
TV Show2017Whose Line Is It Anyway?
0%

Score Distribution

Percentile by Number Answered

Percent of People with Each Score

Your Score History

You have not taken this quiz since the last reset